|
|
|
|
| LEADER |
00000nam2a2200000 4500 |
| 001 |
336078 |
| 005 |
20231102004823.0 |
| 035 |
|
|
|a (RuTPU)RU\TPU\book\362494
|
| 035 |
|
|
|a RU\TPU\book\362370
|
| 090 |
|
|
|a 336078
|
| 100 |
|
|
|a 20171009d1935 k y0rusy50 ca
|
| 101 |
0 |
|
|a rus
|a eng
|
| 102 |
|
|
|a RU
|
| 105 |
|
|
|a a z 001zy
|
| 200 |
0 |
|
|a Т. 19 : Материалы к изучению верхнепалеозойских брахиопод Северного острова Новой Земли
|d Materials for the study of the Upper Paleozoic brachiopoda from the Northern Island of Novaya Zemlya
|
| 210 |
|
|
|d 1935
|
| 215 |
|
|
|a 167 с.
|c ил.
|
| 320 |
|
|
|a Библиогр.: с. 154-157
|
| 461 |
|
1 |
|0 (RuTPU)RU\TPU\book\314159
|t Труды Арктического института
|l Transactions of the Arctic Institute
|f Всесоюзный арктический институт (ВАИ)
|v Т. 19 : Материалы к изучению верхнепалеозойских брахиопод Северного острова Новой Земли
|d 1931-1938
|
| 510 |
1 |
|
|a Materials for the study of the Upper Paleozoic brachiopoda from the Northern Island of Novaya Zemlya
|z eng
|
| 606 |
1 |
|
|a Арктика
|x География
|2 stltpush
|3 (RuTPU)RU\TPU\subj\29357
|9 52708
|
| 610 |
1 |
|
|a флора
|
| 610 |
1 |
|
|a фауна
|
| 610 |
1 |
|
|a геологические условия
|
| 610 |
1 |
|
|a палеозой
|
| 610 |
1 |
|
|a брахиоподы
|
| 675 |
|
|
|a 91(98)
|v 3
|
| 700 |
|
1 |
|a Милорадович
|b Б. В.
|
| 801 |
|
1 |
|a RU
|b 63413507
|c 20130208
|
| 801 |
|
2 |
|a RU
|b 63413507
|c 20171024
|g RCR
|
| 942 |
|
|
|c BK
|